Nenne die zehn größten Firmen der Welt - Statistiken

Allgemein
  • Dieses Quiz wurde 288 mal gespielt
  • Das Durchschnittsergebnis liegt bei 2 aus 10
Antwortstatistiken
Umsatz Firma % Korrekt
280.522 Amazon.com
67%
282.760 Volkswagen
37%
275.288 Toyota Motor
30%
523.964 Walmart
30%
352.106 Royal Dutch Shell
20%
282.616 BP
19%
329.784 Saudi Aramco
14%
383.906 State Grid
3%
379.130 China National Patroleum
0%
407.009 Sinopec Group
0%
Keine übereinstimmenden Quizze gefunden
Verteilung der Resultate
Anzahl Personen mit jedem Resultat
Perzentil nach korrekt beantworteten Fragen
Ihre Resultats-Entwicklung
Sie haben dieses Quiz noch nicht gespielt